| 000 | 00494nam a22001697a 4500 | ||
|---|---|---|---|
| 005 | 20250917121840.0 | ||
| 008 | 250917b |||||||| |||| 00| 0 eng d | ||
| 020 | _a978-93-5451-068-7 | ||
| 041 | _aeng | ||
| 100 |
_aGUPTA, DR.ARUN KUMAR & RAGHUWANSHI, SHIVENDRA SINGH _98695 |
||
| 245 | _aA TEXT BOOK OF PHARMACEUTICAL INORGANIC CHEMISTRY [1ST YEAR B. PHARMA] SEM-1 | ||
| 250 | _a3RD ED. 2023 | ||
| 260 |
_aPUNE _bNIRALI PRAKASHAN |
||
| 300 | _a9.12;P | ||
| 650 | _aPHARMACY | ||
| 942 | _cBK | ||
| 999 |
_c8829 _d8827 |
||